[Event "20th TCh-RUS 2013"]
[Site "Loo RUS"]
[Date "2013.04.12"]
[Round "6"]
[White "Sjugirov, Sanan"]
[Black "Tregubov, Pavel V"]
[Result "1/2-1/2"]
[WhiteElo "2657"]
[BlackElo "2611"]
[PlyCount "99"]
[EventDate "2013.04.07"]
[WhiteTeam "PGMB Rostov"]
[BlackTeam "Belorechensk"]

1. d4 d5 2. c4 e6 3. Nf3 Nf6 4. Nc3 c5 5. cxd5 Nxd5 6. e4 Nxc3 7. bxc3 cxd4 8.
cxd4 Bb4+ 9. Bd2 Bxd2+ 10. Qxd2 O-O 11. Bc4 Nd7 12. O-O b6 13. Rad1 Bb7 14. d5
Nc5 15. Qf4 Qf6 16. Qxf6 gxf6 17. dxe6 fxe6 18. Nd4 Rfe8 19. Rfe1 Rad8 20. f3
Kf8 21. Bb5 Re7 22. Nb3 Rxd1 23. Rxd1 Nxb3 24. Rd8+ Kf7 25. axb3 a6 26. Bd7 Kg6
27. Rg8+ Kf7 28. Rd8 Kg6 29. Kf2 f5 30. exf5+ Kxf5 31. Ke3 Ke5 32. Bc8 a5 33.
f4+ Kf6 34. Bxb7 Rxb7 35. Kd4 Ke7 36. Rh8 Kf6 37. Rd8 Rc7 38. Rf8+ Ke7 39. Rb8
Rc2 40. Rxb6 Rxg2 41. Rb7+ Kf6 42. Rxh7 Rf2 43. Rh6+ Kf5 44. Ke3 Rb2 45. Rh5+
Kf6 46. Rxa5 Rxb3+ 47. Kf2 Rh3 48. Kg2 Re3 49. Kf2 Rh3 50. Kg2 1/2-1/2

[Event "20th TCh-RUS 2013"]
[Site "Loo RUS"]
[Date "2013.04.12"]
[Round "6"]
[White "Savchenko, Boris"]
[Black "Azarov, Sergei"]
[Result "0-1"]
[WhiteElo "2604"]
[BlackElo "2626"]
[PlyCount "88"]
[EventDate "2013.04.07"]
[WhiteTeam "Belorechensk"]
[BlackTeam "PGMB Rostov"]

1. e4 e5 2. Nf3 Nc6 3. Nc3 Nf6 4. Bb5 Bd6 5. d3 a6 6. Ba4 O-O 7. O-O h6 8. Re1
Re8 9. h3 b5 10. Bb3 Na5 11. d4 exd4 12. Qxd4 Bb7 13. Bd5 Nc6 14. Bxc6 dxc6 15.
e5 c5 16. Qd3 Bxf3 17. Bf4 Be4 18. Nxe4 Bxe5 19. Bxe5 Rxe5 20. Rad1 Qxd3 21.
Nxf6+ gxf6 22. cxd3 Rd8 23. Kf1 Kg7 24. b3 Rxe1+ 25. Kxe1 f5 26. Rc1 Rd5 27. d4
cxd4 28. Rxc7 f4 29. Ke2 h5 30. Kf3 d3 31. Rc1 Rd4 32. Rd1 Kf6 33. g3 Kf5 34.
a3 d2 35. g4+ hxg4+ 36. hxg4+ Kg5 37. a4 b4 38. a5 f6 39. Kg2 Kxg4 40. f3+ Kf5
41. Kf2 Ke5 42. Ke2 Kd5 43. Kf1 Rd3 44. Ke2 Ke5 0-1

[Event "20th TCh-RUS 2013"]
[Site "Loo RUS"]
[Date "2013.04.12"]
[Round "6"]
[White "Smirnov, Pavel"]
[Black "Landa, Konstantin"]
[Result "1-0"]
[WhiteElo "2628"]
[BlackElo "2642"]
[PlyCount "85"]
[EventDate "2013.04.07"]
[WhiteTeam "PGMB Rostov"]
[BlackTeam "Belorechensk"]

1. d4 Nf6 2. c4 e6 3. Nf3 Bb4+ 4. Nbd2 O-O 5. a3 Be7 6. e4 d5 7. e5 Nfd7 8. Bd3
c5 9. h4 g6 10. h5 cxd4 11. Qc2 Nc5 12. cxd5 exd5 13. Nxd4 Nc6 14. N2f3 Nxd4
15. Nxd4 Qc7 16. Bf4 Nxd3+ 17. Qxd3 Qc4 18. Qxc4 dxc4 19. Rc1 b5 20. Nxb5 Rb8
21. Nd6 Rxb2 22. Nxc4 Ra2 23. hxg6 fxg6 24. Bh6 Rd8 25. O-O Be6 26. Nd6 Bxd6
27. exd6 Rxd6 28. Rfe1 Kf7 29. Rc7+ Rd7 30. Rc3 Bd5 31. Rd1 Rb2 32. Rcd3 Ke6
33. Re1+ Kf6 34. Red1 Ke6 35. Re1+ Kf6 36. Rd4 Be6 37. Rf4+ Bf5 38. g4 Rbd2 39.
gxf5 Rd1 40. Rxd1 Rxd1+ 41. Kg2 g5 42. Ra4 Kxf5 43. Ra5+ 1-0

[Event "20th TCh-RUS 2013"]
[Site "Loo RUS"]
[Date "2013.04.12"]
[Round "6"]
[White "Aleksandrov, Aleksej"]
[Black "Kryakvin, Dmitry"]
[Result "1-0"]
[WhiteElo "2604"]
[BlackElo "2588"]
[PlyCount "55"]
[EventDate "2013.04.07"]
[WhiteTeam "Belorechensk"]
[BlackTeam "PGMB Rostov"]

1. d4 Nf6 2. c4 e6 3. Nc3 Bb4 4. e3 O-O 5. Bd3 d5 6. cxd5 exd5 7. Nge2 Re8 8.
O-O Bf8 9. Bd2 Nbd7 10. Qc2 c5 11. dxc5 Nxc5 12. Rad1 Nxd3 13. Qxd3 Re5 14. Bc1
Bf5 15. Qd4 Bd6 16. Nf4 Be6 17. b3 Rf5 18. Nce2 Ne4 19. f3 Nf6 20. Kh1 Qa5 21.
Qa1 Qb6 22. Bb2 Bxf4 23. exf4 d4 24. Bxd4 Qa6 25. Qb2 Re8 26. Ng3 Rxf4 27. Be5
Nd5 28. Rxd5 1-0

[Event "20th TCh-RUS 2013"]
[Site "Loo RUS"]
[Date "2013.04.12"]
[Round "6"]
[White "Kamsky, Gata"]
[Black "Ivanchuk, Vassily"]
[Result "1/2-1/2"]
[WhiteElo "2741"]
[BlackElo "2757"]
[PlyCount "53"]
[EventDate "2013.04.07"]
[WhiteTeam "Kazan"]
[BlackTeam "Economist-SGSEU"]

1. e4 c6 2. d3 e5 3. Nf3 d6 4. g3 g6 5. c4 c5 6. Nc3 Nc6 7. h4 h5 8. a3 Bh6 9.
Bh3 Bxc1 10. Qxc1 Bxh3 11. Rxh3 Nge7 12. Rh1 a6 13. Nd5 Nxd5 14. cxd5 Nd4 15.
Nxd4 cxd4 16. Qg5 Qb6 17. O-O-O Rc8+ 18. Kb1 Rc3 19. Ka1 Rc2 20. Rb1 Rxf2 21.
Rhf1 Rxf1 22. Rxf1 Qc7 23. Qf6 O-O 24. g4 hxg4 25. Qg5 Qd8 26. Rf6 g3 27. Rxg6+
1/2-1/2

[Event "20th TCh-RUS 2013"]
[Site "Loo RUS"]
[Date "2013.04.12"]
[Round "6"]
[White "Atalik, Suat"]
[Black "Tomashevsky, Evgeny"]
[Result "1/2-1/2"]
[WhiteElo "2593"]
[BlackElo "2722"]
[PlyCount "81"]
[EventDate "2013.04.07"]
[WhiteTeam "Kazan"]
[BlackTeam "Economist-SGSEU"]

1. d4 Nf6 2. c4 e6 3. Nc3 Bb4 4. e3 c5 5. Bd3 Nc6 6. Nge2 cxd4 7. exd4 d5 8.
cxd5 Nxd5 9. O-O O-O 10. Nxd5 exd5 11. Nf4 Bd6 12. Re1 Bxf4 13. Bxf4 Qf6 14.
Qh5 h6 15. Be5 Nxe5 16. Qxe5 Qxe5 17. Rxe5 Rd8 18. Rc1 Be6 19. f4 Rac8 20. Rxc8
Bxc8 21. Re1 Bd7 22. Rc1 Rc8 23. Rc5 b6 24. Rxc8+ Bxc8 25. f5 Kf8 26. Kf2 Ke7
27. Ke3 Kf6 28. Kf4 g6 29. fxg6 fxg6 30. h4 g5+ 31. hxg5+ hxg5+ 32. Kf3 Bf5 33.
Bxf5 Kxf5 34. g4+ Ke6 35. b4 Kd6 36. b5 Ke6 37. a4 Kd6 38. Kg2 Kc7 39. Kh1 Kb7
40. Kg1 a5 41. Kh2 1/2-1/2

[Event "20th TCh-RUS 2013"]
[Site "Loo RUS"]
[Date "2013.04.12"]
[Round "6"]
[White "Andreikin, Dmitry"]
[Black "Ibragimov, Ildar"]
[Result "1/2-1/2"]
[WhiteElo "2727"]
[BlackElo "2567"]
[PlyCount "35"]
[EventDate "2013.04.07"]
[WhiteTeam "Economist-SGSEU"]
[BlackTeam "Kazan"]

1. d4 Nf6 2. c4 e6 3. g3 Bb4+ 4. Bd2 Bxd2+ 5. Qxd2 O-O 6. Bg2 d5 7. Nf3 Nbd7 8.
O-O c6 9. Qc3 b6 10. cxd5 cxd5 11. Qa3 a5 12. Rc1 Ba6 13. e3 Qb8 14. Nbd2 Rc8
15. Qe7 Re8 16. Qa3 Rc8 17. Qe7 Re8 18. Qa3 1/2-1/2

[Event "20th TCh-RUS 2013"]
[Site "Loo RUS"]
[Date "2013.04.12"]
[Round "6"]
[White "Iljin, Artem"]
[Black "Eljanov, Pavel"]
[Result "1/2-1/2"]
[WhiteElo "2538"]
[BlackElo "2703"]
[PlyCount "88"]
[EventDate "2013.04.07"]
[WhiteTeam "Kazan"]
[BlackTeam "Economist-SGSEU"]

1. Nf3 c5 2. c4 Nc6 3. d4 cxd4 4. Nxd4 Nf6 5. g3 e5 6. Nb5 Bb4+ 7. Bd2 a6 8.
N5c3 d5 9. cxd5 Nxd5 10. Bg2 Be6 11. O-O Nb6 12. Na4 Be7 13. Nbc3 O-O 14. b3
Nxa4 15. Nxa4 Rc8 16. Be3 Qa5 17. Qb1 f5 18. Nb6 Rc7 19. Nc4 Bxc4 20. bxc4 Bc5
21. Bd5+ Kh8 22. Bxc5 Qxc5 23. Qb2 Re8 24. Rab1 Na5 25. Qb6 Ree7 26. Rfd1 Qxb6
27. Rxb6 g6 28. Rdb1 e4 29. Kg2 Rc5 30. R1b4 Rec7 31. Bxb7 Rxb7 32. Rxb7 Nxb7
33. Rxb7 Rxc4 34. f3 Rc2 35. Kf2 exf3 36. Kxf3 Rxa2 37. h4 Kg8 38. Ra7 Ra4 39.
e3 h6 40. Rc7 Rg4 41. Ra7 Ra4 42. Rc7 a5 43. Rc6 Rg4 44. e4 Rxe4 1/2-1/2

[Event "20th TCh-RUS 2013"]
[Site "Loo RUS"]
[Date "2013.04.12"]
[Round "6"]
[White "Moiseenko, Alexander"]
[Black "Sharafiev, Azat"]
[Result "1-0"]
[WhiteElo "2703"]
[BlackElo "2451"]
[PlyCount "83"]
[EventDate "2013.04.07"]
[WhiteTeam "Economist-SGSEU"]
[BlackTeam "Kazan"]

1. d4 Nf6 2. c4 g6 3. Nc3 Bg7 4. e4 d6 5. Bd3 O-O 6. Nge2 Nbd7 7. Ng3 c5 8. d5
a6 9. a4 e6 10. O-O e5 11. a5 Kh8 12. Be3 Ng8 13. Qd2 Ne7 14. Na4 f5 15. exf5
Nxf5 16. Bg5 Nf6 17. b4 cxb4 18. Nb6 Rb8 19. Rab1 Nxg3 20. hxg3 e4 21. Bc2 Qe8
22. Bf4 Ng4 23. Bxd6 Rxf2 24. Rxf2 e3 25. Re2 Qd8 26. Qxb4 Qg5 27. Be7 Qh6 28.
Bh4 g5 29. Qe7 gxh4 30. Qd8+ Bf8 31. Rf1 Nf2 32. Qxh4 Bg4 33. Rxe3 Qxh4 34.
gxh4 Bc5 35. Kxf2 h5 36. Rfe1 Rf8+ 37. Kg3 Bd6+ 38. Re5 Re8 39. Kf4 Rf8+ 40.
Kg5 Rg8+ 41. Bg6 Rf8 42. Bxh5 1-0

[Event "20th TCh-RUS 2013"]
[Site "Loo RUS"]
[Date "2013.04.12"]
[Round "6"]
[White "Kokarev, Dmitry"]
[Black "Frolyanov, Dmitry"]
[Result "1/2-1/2"]
[WhiteElo "2648"]
[BlackElo "2561"]
[PlyCount "115"]
[EventDate "2013.04.07"]
[WhiteTeam "Politekhnik"]
[BlackTeam "Zhiguli"]

1. e4 e5 2. Nf3 Nf6 3. Nxe5 d6 4. Nf3 Nxe4 5. d4 d5 6. Bd3 Bd6 7. O-O O-O 8. c4
c6 9. Re1 Bf5 10. Qb3 Na6 11. cxd5 cxd5 12. Nc3 Nb4 13. Bb1 Be6 14. Nb5 Nc6 15.
Nxd6 Qxd6 16. Bd3 Bg4 17. Bxe4 dxe4 18. Rxe4 Bxf3 19. Qxf3 Nxd4 20. Qd1 Rfd8
21. Be3 Ne6 22. Qxd6 Rxd6 23. g4 g6 24. Rc1 a6 25. a4 Rad8 26. Kg2 Kg7 27. Rb4
R8d7 28. Rc8 Nd4 29. h3 h5 30. gxh5 gxh5 31. Rc5 Rg6+ 32. Kf1 Nc6 33. Rb6 Nd4
34. a5 h4 35. Bxd4+ Rxd4 36. Rxb7 Rf4 37. Rc3 Rgf6 38. Rc2 Rg6 39. Rc3 Rgf6 40.
Rc2 Rg6 41. Rbc7 Rg5 42. R7c5 Rxc5 43. Rxc5 Rb4 44. Rg5+ Kf6 45. Rg4 Rxb2 46.
Rxh4 Kg5 47. Rg4+ Kf5 48. Rg3 Rb5 49. h4 Kf6 50. Ra3 Kg6 51. Kg2 f6 52. Kg3 Rc5
53. Ra4 Rb5 54. f3 Rc5 55. Ra3 Rb5 56. Ra4 Rc5 57. Ra3 Rb5 58. Ra4 1/2-1/2

[Event "20th TCh-RUS 2013"]
[Site "Loo RUS"]
[Date "2013.04.12"]
[Round "6"]
[White "Geller, Jakov"]
[Black "Shomoev, Anton"]
[Result "1/2-1/2"]
[WhiteElo "2545"]
[BlackElo "2543"]
[PlyCount "90"]
[EventDate "2013.04.07"]
[WhiteTeam "Zhiguli"]
[BlackTeam "Politekhnik"]

1. e4 g6 2. d4 Bg7 3. Nc3 d6 4. Be3 a6 5. Nf3 b5 6. Bd3 Bb7 7. Ne2 Nd7 8. O-O
Ngf6 9. Ng3 h5 10. h4 e5 11. dxe5 Nxe5 12. Nxe5 dxe5 13. a4 c6 14. c4 O-O 15.
axb5 axb5 16. Rxa8 Qxa8 17. cxb5 cxb5 18. f3 Qa2 19. Qe2 Rb8 20. Bxb5 Ba6 21.
b4 Qxe2 22. Bxe2 Bxe2 23. Nxe2 Rxb4 24. Rc1 Rb8 25. Rc7 Ne8 26. Rd7 Rc8 27. Bd2
Bf6 28. g3 Rd8 29. Rxd8 Bxd8 30. Kf2 Bb6+ 31. Be3 Bxe3+ 32. Kxe3 f6 33. g4 Ng7
34. Ng3 Kf7 35. gxh5 gxh5 36. f4 exf4+ 37. Kxf4 Ke6 38. Ne2 Kf7 39. Ke3 Ne6 40.
Kd3 Ke7 41. Ng3 Nf4+ 42. Ke3 Ng2+ 43. Kf2 Nxh4 44. Nxh5 f5 45. exf5 Nxf5
1/2-1/2

[Event "20th TCh-RUS 2013"]
[Site "Loo RUS"]
[Date "2013.04.12"]
[Round "6"]
[White "Yudin, Sergei"]
[Black "Yakovich, Yuri"]
[Result "1/2-1/2"]
[WhiteElo "2548"]
[BlackElo "2517"]
[PlyCount "101"]
[EventDate "2013.04.07"]
[WhiteTeam "Politekhnik"]
[BlackTeam "Zhiguli"]

1. c4 e6 2. g3 d5 3. Bg2 dxc4 4. Qa4+ c6 5. Qxc4 b5 6. Qb3 Bb7 7. Nf3 Nd7 8.
O-O a6 9. d4 c5 10. a4 Ngf6 11. axb5 Bd5 12. Qc2 Be4 13. Qb3 Bd5 14. Qc2 Be4
15. Qd1 axb5 16. Rxa8 Qxa8 17. Bg5 cxd4 18. Qxd4 Bc5 19. Qc3 b4 20. Qc1 Be7 21.
Nbd2 Bb7 22. Qb1 O-O 23. Rc1 h6 24. Bxf6 Nxf6 25. Ne1 Bxg2 26. Nxg2 Qa6 27. Nc4
Rc8 28. Nge3 Bc5 29. Qa1 Qc6 30. Ne5 Qe4 31. N5c4 Ra8 32. Qb1 Qxb1 33. Rxb1 Ne4
34. Rd1 Ra2 35. Rd3 Bxe3 36. Rxe3 Nc5 37. Re5 Na4 38. Rb5 Nxb2 39. Rb8+ Kh7 40.
Nd6 Nd1 41. Kf1 Ra1 42. Kg2 Ra2 43. Kf1 Ra1 44. Kg2 Ra2 45. Kf1 Ra1 46. Kg2 Rb1
47. Nxf7 b3 48. Ne5 b2 49. Nd3 Ra1 50. Nxb2 Rb1 51. Nc4 1/2-1/2

[Event "20th TCh-RUS 2013"]
[Site "Loo RUS"]
[Date "2013.04.12"]
[Round "6"]
[White "Skatchkov, Pavel"]
[Black "Vokarev, Sergey"]
[Result "0-1"]
[WhiteElo "2485"]
[BlackElo "2454"]
[PlyCount "80"]
[EventDate "2013.04.07"]
[WhiteTeam "Zhiguli"]
[BlackTeam "Politekhnik"]

1. d4 Nf6 2. c4 g6 3. Nf3 Bg7 4. Nc3 d5 5. cxd5 Nxd5 6. g3 Nxc3 7. bxc3 c5 8.
Bg2 Nc6 9. O-O cxd4 10. Nxd4 Nxd4 11. cxd4 Qxd4 12. Rb1 O-O 13. Be3 Qc4 14. Bd5
Qc7 15. Qb3 Qe5 16. Bf4 Qf6 17. Bxb7 Bxb7 18. Qxb7 Qe6 19. a4 Rad8 20. Qxa7 Ra8
21. Qe3 Qxe3 22. Bxe3 Rxa4 23. Rb7 e6 24. Rfb1 Ra1 25. Rxa1 Bxa1 26. Bf4 h5 27.
Rb8 Rxb8 28. Bxb8 f5 29. Kg2 Kf7 30. Kf3 g5 31. h3 g4+ 32. hxg4 hxg4+ 33. Kg2
e5 34. Ba7 Ke6 35. f3 e4 36. fxe4 fxe4 37. Kf2 Kd5 38. Bb6 Bd4+ 39. Bxd4 Kxd4
40. Kf1 e3 0-1

[Event "20th TCh-RUS 2013"]
[Site "Loo RUS"]
[Date "2013.04.12"]
[Round "6"]
[White "Pogromsky, Mikhail"]
[Black "Predke, Alexandr"]
[Result "0-1"]
[WhiteElo "2431"]
[BlackElo "2481"]
[PlyCount "100"]
[EventDate "2013.04.07"]
[WhiteTeam "Politekhnik"]
[BlackTeam "Zhiguli"]

1. d4 Nf6 2. c4 e6 3. g3 c5 4. Nf3 cxd4 5. Nxd4 Bb4+ 6. Nc3 Ne4 7. Qc2 Nxc3 8.
bxc3 Be7 9. Bg2 O-O 10. O-O a6 11. Rb1 Qc7 12. Qb3 d6 13. Bxb7 Bxb7 14. Qxb7
Ra7 15. Qxc7 Rxc7 16. Rb6 Rxc4 17. Bd2 Nd7 18. Rxa6 Nc5 19. Ra7 Bf6 20. Rb1 Ne4
21. Be1 Rxc3 22. Nb5 Rc2 23. Kf1 h5 24. f3 Nd2+ 25. Bxd2 Rxd2 26. Rc1 d5 27. a4
d4 28. Ke1 Ra2 29. Rd1 Rc8 30. Nxd4 h4 31. f4 e5 32. fxe5 Bxe5 33. Rd3 Re8 34.
Nf5 Bc3+ 35. Rxc3 Rexe2+ 36. Kd1 Rxh2 37. Re7 Rh1+ 38. Re1 Ra1+ 39. Kd2 Rhxe1
40. Nxh4 Red1+ 41. Ke3 Rdc1 42. Rb3 Rxa4 43. Kf3 Rca1 44. Kg2 g6 45. Rb8+ Kg7
46. Rb5 R4a3 47. Kh2 R1a2+ 48. Kh3 Rc2 49. Ng2 Rcc3 50. Rg5 Kh6 0-1

[Event "20th TCh-RUS 2013"]
[Site "Loo RUS"]
[Date "2013.04.12"]
[Round "6"]
[White "Mokshanov, Alexey"]
[Black "Ozgibcev, Anatoly"]
[Result "1/2-1/2"]
[WhiteElo "2416"]
[BlackElo "2379"]
[PlyCount "164"]
[EventDate "2013.04.07"]
[WhiteTeam "Zhiguli"]
[BlackTeam "Politekhnik"]

1. e4 e5 2. Nf3 Nc6 3. Bb5 g6 4. O-O Bg7 5. c3 a6 6. Ba4 d6 7. d4 Bd7 8. d5 Nb8
9. c4 Bxa4 10. Qxa4+ Nd7 11. Be3 Ngf6 12. Nc3 Ng4 13. Bg5 f6 14. Bd2 O-O 15.
Qc2 Nh6 16. b4 Nf7 17. Na4 f5 18. exf5 gxf5 19. Qxf5 e4 20. Qxe4 Bxa1 21. Rxa1
Qf6 22. Rf1 Qg6 23. Qxg6+ hxg6 24. Nd4 Rfe8 25. f3 Rac8 26. Rc1 Nfe5 27. a3 c6
28. dxc6 Nxc6 29. Nb3 Nce5 30. c5 dxc5 31. bxc5 Nc6 32. Nc3 Nf6 33. Bg5 Nh7 34.
Bh4 g5 35. Bf2 Nf6 36. Nd2 Red8 37. Nde4 Nxe4 38. Nxe4 Rd3 39. Nxg5 Rcd8 40.
Re1 Rd1 41. Ne4 Rxe1+ 42. Bxe1 Rd1 43. Kf2 Ra1 44. g4 Nd4 45. Bc3 Ra2+ 46. Ke3
Nb5 47. Be5 Nxa3 48. Nd6 Nc2+ 49. Ke4 Ra4+ 50. Kf5 Ne3+ 51. Kg6 Nxg4 52. fxg4
Rxg4+ 53. Kf5 Rb4 54. Ke6 Rb1 55. Nc8 Rc1 56. Bd6 a5 57. Nb6 Ra1 58. Kd5 Kf7
59. Kc4 Ke6 60. Kb5 Ra3 61. Na4 Rb3+ 62. Kxa5 Kd5 63. Nb6+ Kc6 64. Nc8 Kd7 65.
Ka4 Rb1 66. Nb6+ Kc6 67. Ka3 Rb5 68. Nc4 Rb1 69. Nd2 Rd1 70. Nc4 Kb5 71. Ne5
Rh1 72. Nf3 Rd1 73. Kb2 b6 74. Kc2 Rd5 75. h4 bxc5 76. Be5 Rd7 77. Ng5 Rd5 78.
Bc3 Kc6 79. Bd2 Kd7 80. h5 Ke7 81. h6 Kf6 82. Nh3 Rxd2+ 1/2-1/2

[Event "20th TCh-RUS 2013"]
[Site "Loo RUS"]
[Date "2013.04.13"]
[Round "7"]
[White "Svidler, Peter"]
[Black "Jobava, Baadur"]
[Result "1/2-1/2"]
[WhiteElo "2747"]
[BlackElo "2702"]
[PlyCount "95"]
[EventDate "2013.04.07"]
[WhiteTeam "SPb Chess Fed"]
[BlackTeam "PGMB Rostov"]

1. d4 Nf6 2. c4 d6 3. Nc3 e5 4. Nf3 Nbd7 5. e4 g6 6. Be2 Bg7 7. O-O O-O 8. Re1
h6 9. Rb1 Nh7 10. dxe5 dxe5 11. b4 Ng5 12. Nxg5 hxg5 13. c5 c6 14. Be3 f5 15.
exf5 gxf5 16. Bc4+ Kh7 17. Qh5+ Bh6 18. Rbd1 Qe8 19. Qh3 Qg6 20. Bc1 a5 21. Rd6
Rf6 22. Bd3 axb4 23. Ne4 Rxd6 24. cxd6 Nf8 25. Nxg5+ Kg7 26. Qh4 Qxd6 27. Bb2
Ra5 28. Bc4 Qd2 29. Nf3 Ng6 30. Nxd2 Nxh4 31. Rxe5 Rxe5 32. Bxe5+ Kh7 33. Nb3
Ng6 34. Bd4 Bg7 35. Bc5 Bf8 36. Bb6 Ne5 37. Be2 Be6 38. Bc7 Nd7 39. Bd3 Nc5 40.
Nxc5 Bxc5 41. Bb1 Bd4 42. h4 Kg7 43. Kf1 b5 44. f3 c5 45. Ke2 Bc4+ 46. Kd2 Be6
47. Ke2 Bc4+ 48. Kd2 1/2-1/2

[Event "20th TCh-RUS 2013"]
[Site "Loo RUS"]
[Date "2013.04.13"]
[Round "7"]
[White "Cheparinov, Ivan"]
[Black "Dominguez Perez, Leinier"]
[Result "1/2-1/2"]
[WhiteElo "2702"]
[BlackElo "2723"]
[PlyCount "67"]
[EventDate "2013.04.07"]
[WhiteTeam "PGMB Rostov"]
[BlackTeam "SPb Chess Fed"]

1. d4 Nf6 2. c4 e6 3. Nf3 Bb4+ 4. Bd2 Bxd2+ 5. Qxd2 d5 6. g3 c6 7. Bg2 Nbd7 8.
O-O O-O 9. Rc1 b6 10. Ne5 Bb7 11. cxd5 cxd5 12. Nc3 a6 13. Na4 Rc8 14. Qb4 a5
15. Qb5 Rc7 16. Nc6 Bxc6 17. Rxc6 Qb8 18. Rac1 Rfc8 19. e3 Qb7 20. Rxc7 Rxc7
21. Rc3 g6 22. Qd3 Kg7 23. Qc2 Rxc3 24. Nxc3 Qc7 25. Qd2 Kg8 26. Bf3 Ne8 27.
Be2 Nd6 28. Bd3 Kg7 29. Kg2 Qc6 30. Qe2 Nf6 31. Bb5 Qc7 32. Bd3 Qc6 33. Bb5 Qc7
34. Bd3 1/2-1/2

[Event "20th TCh-RUS 2013"]
[Site "Loo RUS"]
[Date "2013.04.13"]
[Round "7"]
[White "Movsesian, Sergei"]
[Black "Zhigalko, Sergei"]
[Result "1/2-1/2"]
[WhiteElo "2695"]
[BlackElo "2656"]
[PlyCount "100"]
[EventDate "2013.04.07"]
[WhiteTeam "SPb Chess Fed"]
[BlackTeam "PGMB Rostov"]

1. c4 e5 2. g3 Nf6 3. Bg2 c6 4. d4 exd4 5. Qxd4 Na6 6. Nf3 Bc5 7. Qd1 d5 8. O-O
O-O 9. cxd5 Qxd5 10. Nc3 Qh5 11. Bg5 Be7 12. Ne4 Nxe4 13. Bxe7 Re8 14. Qd4 Bf5
15. Ba3 Bh3 16. Rad1 Bxg2 17. Kxg2 Nc7 18. Qd7 Rac8 19. Nd4 Nd5 20. Qf5 Qh6 21.
Rd3 Rcd8 22. h4 Nd2 23. Re1 Nc4 24. Nf3 a5 25. Kf1 b5 26. e4 g6 27. Qg4 f5 28.
exf5 Rxe1+ 29. Nxe1 Ne5 30. Qe4 Nxd3 31. Qe6+ Kh8 32. Nxd3 b4 33. Ne5 Qc1+ 34.
Kg2 Rf8 35. Nf7+ Kg7 36. Ng5 Qc5 37. Qd7+ Qe7 38. Ne6+ Kg8 39. Nxf8 Kxf8 40.
Qxc6 Qe4+ 41. Kg1 Qb1+ 42. Kg2 Qxf5 43. Qc5+ Kg8 44. Bxb4 axb4 45. Qc4 Qe6 46.
Kg1 Kf7 47. a3 Qe1+ 48. Kg2 Qe6 49. Kg1 Qe1+ 50. Kg2 Qe6 1/2-1/2

[Event "20th TCh-RUS 2013"]
[Site "Loo RUS"]
[Date "2013.04.13"]
[Round "7"]
[White "Sjugirov, Sanan"]
[Black "Efimenko, Zahar"]
[Result "1/2-1/2"]
[WhiteElo "2657"]
[BlackElo "2697"]
[PlyCount "99"]
[EventDate "2013.04.07"]
[WhiteTeam "PGMB Rostov"]
[BlackTeam "SPb Chess Fed"]

1. e4 e5 2. Nf3 Nc6 3. Bb5 a6 4. Ba4 Nf6 5. O-O Be7 6. Re1 b5 7. Bb3 d6 8. c3
O-O 9. h3 Nb8 10. d4 Nbd7 11. Nbd2 Bb7 12. Bc2 c5 13. Nf1 cxd4 14. cxd4 exd4
15. Nxd4 Re8 16. Nf5 Bf8 17. Nxd6 Bxd6 18. Qxd6 Bxe4 19. Bxe4 Nxe4 20. Qd4 Ndc5
21. Be3 Nd3 22. Red1 Qxd4 23. Bxd4 Nb4 24. f3 Nc2 25. Rac1 Nxd4 26. Rxd4 Ng5
27. Rc6 g6 28. Kf2 Ne6 29. Rd2 Rec8 30. Rcd6 a5 31. Ne3 b4 32. a3 bxa3 33. bxa3
Rc3 34. R6d3 Rac8 35. Nd5 Rxd3 36. Rxd3 Rc2+ 37. Kg3 Kg7 38. h4 h5 39. Nf4 Nxf4
40. Kxf4 Rc4+ 41. Kg3 Kf6 42. Re3 Ra4 43. Kh3 Kf5 44. Kg3 f6 45. Kh3 g5 46.
hxg5 fxg5 47. Rb3 Kf6 48. Rb6+ Kf5 49. Rb5+ Kf6 50. Rb6+ 1/2-1/2

[Event "20th TCh-RUS 2013"]
[Site "Loo RUS"]
[Date "2013.04.13"]
[Round "7"]
[White "Zvjaginsev, Vadim"]
[Black "Smirnov, Pavel"]
[Result "1/2-1/2"]
[WhiteElo "2658"]
[BlackElo "2628"]
[PlyCount "80"]
[EventDate "2013.04.07"]
[WhiteTeam "SPb Chess Fed"]
[BlackTeam "PGMB Rostov"]

1. c4 Nf6 2. Nc3 c5 3. Nf3 e6 4. e4 Nc6 5. Be2 d5 6. exd5 exd5 7. d4 Be7 8. Be3
cxd4 9. Nxd4 O-O 10. O-O Nxd4 11. Bxd4 dxc4 12. Bxc4 Bg4 13. f3 Bf5 14. Bb3 Qd6
15. Bf2 Qb4 16. a3 Qa5 17. Qe2 Bc5 18. Qb5 Qxb5 19. Nxb5 Bxf2+ 20. Rxf2 Rfd8
21. Re1 Rd7 22. g4 Bd3 23. Nc3 h6 24. h4 Kf8 25. Kh2 Rad8 26. Rd2 Ba6 27. Rxd7
Rxd7 28. Rd1 Rxd1 29. Bxd1 Bc4 30. Kg3 Nd5 31. Nxd5 Bxd5 32. Kf4 Ke7 33. Ke5
Bc6 34. g5 hxg5 35. hxg5 f6+ 36. gxf6+ gxf6+ 37. Kd4 Kd6 38. f4 b6 39. Be2 Bb7
40. Bd3 Bc6 1/2-1/2

[Event "20th TCh-RUS 2013"]
[Site "Loo RUS"]
[Date "2013.04.13"]
[Round "7"]
[White "Popov, Ivan RUS"]
[Black "Matlakov, Maxim"]
[Result "1-0"]
[WhiteElo "2627"]
[BlackElo "2653"]
[PlyCount "59"]
[EventDate "2013.04.07"]
[WhiteTeam "PGMB Rostov"]
[BlackTeam "SPb Chess Fed"]

1. d4 d5 2. c4 dxc4 3. Nf3 a6 4. e3 b5 5. a4 Bb7 6. b3 e6 7. bxc4 bxc4 8. Bxc4
Nf6 9. O-O c5 10. Nbd2 Nc6 11. Rb1 Na5 12. Ba3 cxd4 13. Bxf8 Bxf3 14. Nxf3 Kxf8
15. Qe2 dxe3 16. fxe3 Qd6 17. Rfd1 Qc5 18. Bxa6 Nd5 19. Rdc1 Qa7 20. Rb5 Nxe3
21. Kh1 Nec4 22. Rxc4 Qxa6 23. Rc7 Nc6 24. Ng5 Nd8 25. Rxf7+ Kg8 26. Rd7 Qc6
27. Qd1 Qc8 28. Rb1 h6 29. Rc1 Qb8 30. Qd4 1-0

[Event "20th TCh-RUS 2013"]
[Site "Loo RUS"]
[Date "2013.04.13"]
[Round "7"]
[White "Karjakin, Sergey"]
[Black "Caruana, Fabiano"]
[Result "1/2-1/2"]
[WhiteElo "2786"]
[BlackElo "2772"]
[PlyCount "83"]
[EventDate "2013.04.07"]
[WhiteTeam "Malakhit"]
[BlackTeam "SHSM Nashe Nasledie Moskow"]

1. e4 e5 2. Nf3 Nc6 3. Bb5 a6 4. Ba4 Nf6 5. O-O b5 6. Bb3 Bc5 7. c3 d6 8. a4
Rb8 9. d4 Bb6 10. a5 Ba7 11. h3 O-O 12. Be3 Ra8 13. Nbd2 h6 14. Re1 Re8 15. Nf1
exd4 16. cxd4 Rxe4 17. Ng3 Re7 18. Qd2 Qf8 19. Rec1 Bd7 20. Nh4 d5 21. Nhf5 Re6
22. Rc2 Rae8 23. Rac1 Qb4 24. Qxb4 Nxb4 25. Rxc7 Bb8 26. Rb7 Rc6 27. Ne7+ Rxe7
28. Rxb8+ Re8 29. Rxe8+ Bxe8 30. Ne2 Rxc1+ 31. Bxc1 Nc6 32. Bd2 Bd7 33. g4 Be6
34. f3 Ne8 35. Bc2 Nd6 36. b4 g5 37. Bc3 f6 38. Nc1 f5 39. Nd3 f4 40. h4 Kg7
41. Bb3 Ne7 42. Nc5 1/2-1/2

[Event "20th TCh-RUS 2013"]
[Site "Loo RUS"]
[Date "2013.04.13"]
[Round "7"]
[White "Nepomniachtchi, Ian"]
[Black "Grischuk, Alexander"]
[Result "0-1"]
[WhiteElo "2708"]
[BlackElo "2764"]
[PlyCount "124"]
[EventDate "2013.04.07"]
[WhiteTeam "SHSM Nashe Nasledie Moskow"]
[BlackTeam "Malakhit"]

1. e4 e5 2. Nf3 Nc6 3. Bb5 Nf6 4. d3 Bc5 5. O-O d6 6. Nc3 Bd7 7. Na4 Bb6 8.
Nxb6 axb6 9. c3 Ne7 10. Bc4 Ng6 11. Bb3 O-O 12. h3 h6 13. Bc2 Re8 14. Re1 c5
15. d4 Bc6 16. dxe5 dxe5 17. Qxd8 Rexd8 18. g3 Bb5 19. Re3 Rd6 20. a4 Bd7 21.
Kg2 b5 22. b3 bxa4 23. bxa4 Rda6 24. Rb1 Bxa4 25. Bxa4 Rxa4 26. Rxb7 Nxe4 27.
Rc7 Rc4 28. Rd3 Rxc3 29. Rxc3 Nxc3 30. Rxc5 Ne4 31. Rc4 Nd6 32. Rc6 Nf5 33. g4
Nfe7 34. Rd6 f6 35. Be3 Nf8 36. Nd2 Ra4 37. Nb3 Rc4 38. Nd2 Ra4 39. Nb3 h5 40.
Kf3 Nfg6 41. Rd7 Nh4+ 42. Kg3 Neg6 43. gxh5 Nf5+ 44. Kf3 Ngh4+ 45. Ke2 Nxe3 46.
fxe3 Nf5 47. Nc5 Ra3 48. Rd3 Ng3+ 49. Kf2 Rxd3 50. Nxd3 Nxh5 51. Kf3 Kf7 52.
Kg4 g6 53. e4 Ng7 54. h4 Nh5 55. Nb2 Ke6 56. Nc4 Ng7 57. Ne3 Ne8 58. Kf3 Nd6
59. Ng2 f5 60. exf5+ gxf5 61. h5 Kf6 62. h6 Nf7 0-1

[Event "20th TCh-RUS 2013"]
[Site "Loo RUS"]
[Date "2013.04.13"]
[Round "7"]
[White "Mamedyarov, Shakhriyar"]
[Black "Le, Quang Liem"]
[Result "1/2-1/2"]
[WhiteElo "2766"]
[BlackElo "2717"]
[PlyCount "58"]
[EventDate "2013.04.07"]
[WhiteTeam "Malakhit"]
[BlackTeam "SHSM Nashe Nasledie Moskow"]

1. d4 d5 2. c4 c6 3. Nc3 Nf6 4. e3 g6 5. Nf3 Bg7 6. h3 O-O 7. Be2 b6 8. O-O Bb7
9. b3 Nbd7 10. a4 c5 11. Ba3 Rc8 12. Rc1 cxd4 13. exd4 Re8 14. Re1 Bh6 15. Rc2
Bf4 16. cxd5 Nxd5 17. Nxd5 Bxd5 18. Bb5 Rxc2 19. Qxc2 e5 20. Nxe5 Nxe5 21. dxe5
Rxe5 22. Rxe5 Bxe5 23. Bb2 Bxb2 24. Qxb2 Be6 25. b4 Qd1+ 26. Kh2 Qd6+ 27. Kg1
Qd1+ 28. Kh2 Qd6+ 29. Kg1 Qd1+ 1/2-1/2